UBT Library

The complete home decorator : (Record no. 41062)

000 -LEADER
fixed length control field 00841cam a2200253 a 4500
001 - CONTROL NUMBER
control field 1613705
003 - CONTROL NUMBER IDENTIFIER
control field OSt
005 - DATE AND TIME OF LATEST TRANSACTION
control field 20180126094559.0
008 - FIXED-LENGTH DATA ELEMENTS--GENERAL INFORMATION
fixed length control field 950206s1995 nyua f 001 0 eng
010 ## - LIBRARY OF CONGRESS CONTROL NUMBER
LC control number 95001234
020 ## - INTERNATIONAL STANDARD BOOK NUMBER
International Standard Book Number 1901289079
040 ## - CATALOGING SOURCE
Original cataloging agency DLC
Transcribing agency DLC
Modifying agency DLC
050 00 -
-- 747
-- .W155 1995
082 00 - DEWEY DECIMAL CLASSIFICATION NUMBER
Classification number 747 WAL
Edition number 20
100 1# - Rafti
Rafti Walton, Stewart.
245 14 - TITLE STATEMENT
Title The complete home decorator :
Statement of responsibility, etc Stewart Walton.
260 ## -
-- New York :
-- Rizzoli,
-- 1997.
300 ## -
-- 256 p. :
-- ill. (some col.) ;
-- 27 cm.
500 ## -
-- Includes index.
650 #0 -
-- Interior decoration
-- Handbooks, manuals, etc.
906 ## - LOCAL DATA ELEMENT F, LDF (RLIN)
a 7
b cbc
c orignew
d 1
e ocip
f 19
g y-gencatlg
942 ## - ADDED ENTRY ELEMENTS (KOHA)
Source of classification or shelving scheme
Item type Books
Holdings
Withdrawn status Lost status Source of classification or shelving scheme Damaged status Not for loan Collection code Permanent location Current location Shelving location Date acquired Total Checkouts Full call number Barcode Date last seen Price effective from Koha item type
          Koleksioni i përgjithshem UBT - Lipjan UBT - Lipjan Koleksioni i përgjithshem 01/26/2018   747 WAL 002-2996453 01/26/2018 01/26/2018 Books
UBT Library © 2015-2024. All rights reserved University Education for Business and Technology